000 00685nam a2200241Ia 4500
003 OSt
005 20220930064610.0
006 a|||||r|||| 00| 0
007 ta
008 220926b |||||||| |||| 00| 0 eng d
024 _a4458
037 _cTheses
040 _aCRL
_cCRL
_beng
041 _2eng
_aeng
100 _aKrishnamachari S.
_9524707
110 _aUniversity of Delhi. Faculty of Arts. Department of Sanskrit
245 0 _aTataparyavrtti in the mimamsa and sanskrit poetics
260 _c1973
650 _aSANSKRIT
700 _aUniversity of Delhi. Faculty of Arts. Department of Sanskrit
942 _cDIS
_2CC
999 _c858424
_d858424